000 00842nam a2200229Ii 4500
003 JO-AjNU
008 230605s9999||||xx |||||||||||||| ||und||
017 _a2006/11/3023
020 _a9957-16-296-9
040 _aJO-AjNU
_bara
_erda
_cJO-AjNU
041 _aara
050 1 4 _aKMM107.U3522.2010
100 3 _a العكيلي ، عزيز ,
_eauthor
_925296
245 0 0 _aالوسيط في الشركات التجارية " دراسة فقهية قضائية مقارنة في الأحكام العامة والخاصة "
250 _aط2
264 3 1 _aعمان : دار الثقافة ، 2010
300 _a601ص
336 _atext
_btxt
_2rdacontent
337 _aunmediated
_bn
_2rdamedia
338 _avolume
_bnc
_2rdacarrier
650 4 _aالشركات التجارية -- القانون التجاري -- الشركات
_925297
999 _aA9442
_c13010
_d13010